Statistics for British Prime Ministers - with Pictures

Click here to take the quiz!

General Stats

  • This quiz has been taken 20 times
  • The average score is 38 of 79

Answer Stats

Answer% Correct
Boris Johnson
93%
Margaret Thatcher
93%
David Cameron
86%
Gordon Brown
86%
Neville Chamberlain
86%
Rishi Sunak
86%
Theresa May
86%
Tony Blair
86%
Winston Churchill
86%
Winston Churchill
86%
John Major
79%
Clement Attlee
71%
Edward Heath
71%
Harold Wilson
71%
Harold Wilson
71%
James Callaghan
71%
Liz Truss
71%
Robert Walpole
71%
Alec Douglas-Home
64%
Anthony Eden
64%
Harold Macmillan
64%
Benjamin Disraeli
57%
Benjamin Disraeli
57%
David Lloyd George
57%
Ramsay MacDonald
57%
Ramsay MacDonald
57%
Stanley Baldwin
57%
Stanley Baldwin
57%
Stanley Baldwin
57%
William Evert Gladstone
57%
William Evert Gladstone
57%
William Evert Gladstone
57%
William Evert Gladstone
57%
Herbert Henry Asquith
50%
Robert Peel
50%
Robert Peel
50%
William Pitt the Elder (Earl of Chatham)
50%
Andrew Bonar Law
43%
Arthur Balfour
43%
Arthur Wellesley (Duke of Wellington)
43%
Arthur Wellesley (Duke of Wellington)
43%
Henry John Temple (Viscount Palmerston)
43%
Henry John Temple (Viscount Palmerston)
43%
Robert Gascoyne-Cecil (Marquess of Salisbury)
43%
Robert Gascoyne-Cecil (Marquess of Salisbury)
43%
Robert Gascoyne-Cecil (Marquess of Salisbury)
43%
William Lamb (Viscount Melbourne)
43%
Charles Grey (Earl Grey)
36%
Henry Campbell-Bannerman
36%
Henry Pelham
36%
Spencer Compton (Earl of Wilmington)
36%
Spencer Perceval
36%
William Lamb (Viscount Melbourne)
36%
Archibald Primrose (Earl of Rosebery)
29%
Edward Smith-Stanley (Earl of Derby)
29%
Edward Smith-Stanley (Earl of Derby)
29%
Edward Smith-Stanley (Earl of Derby)
29%
George Grenville
29%
George Hamilton-Gordon (Earl of Aberdeen)
29%
John Stuart (Earl of Bute)
29%
Lord John Russell
29%
Lord John Russell
29%
Robert Jenkinson (Earl of Liverpool)
29%
William Cavendish (Duke of Devonshire)
29%
William Grenville
29%
William Pitt the Younger
29%
William Pitt the Younger
29%
Augustus Fitzroy (Duke of Grafton)
21%
Charles Watson-Wentworth (Marquess of Rockingham)
21%
Charles Watson-Wentworth (Marquess of Rockingham)
21%
Frederick North (Lord North)
21%
Frederick Robinson (Earl of Ripon)
21%
George Canning
21%
Henry Addington
21%
Thomas Pelham-Holles (Duke of Newcastle)
21%
Thomas Pelham-Holles (Duke of Newcastle)
21%
William Cavendish-Bentinck (Duke of Portland)
21%
William Cavendish-Bentinck (Duke of Portland)
21%
William Petty (Earl of Shelburne)
21%

Score Distribution

Percentile by Number Answered

Percent of People with Each Score

Your Score History

You have not taken this quiz